| 000 | 01044nam a22003137a 4500 | ||
|---|---|---|---|
| 003 | CHAP | ||
| 005 | 20220817042342.0 | ||
| 008 | 971013s1979 r 00010 d | ||
| 010 | _a41771 | ||
| 011 | _a42743 | ||
| 035 | _a46872 | ||
| 040 | _cCHAP | ||
| 082 |
_a301.35 _bF6 1979 |
||
| 100 | 0 | 0 |
_aFoster, George McClelland. _942687 |
| 245 | _aTzintzuntzan; Mexican peasants in changing world | ||
| 260 |
_aNew York : _bElsevier, _c1979 |
||
| 300 | _a390 p. | ||
| 590 |
_aBATCH-UPD _b10 _c20130110 _lUCH01 _h1305 |
||
| 590 |
_aBATCH-UPD _b10 _c20130410 _lUCH01 _h0821 |
||
| 590 |
_aBATCH-UPD _b10 _c20130914 _lUCH01 _h1734 |
||
| 590 |
_aCONVERSION _b10 _c20130109 _lUCH01 _h1323 |
||
| 650 | 1 | 4 |
_aMichoacán _xCondiciones económicas. _975446 |
| 650 | 1 | 4 |
_aMichoacán _xCondiciones rurales. _975447 |
| 650 | 1 | 4 |
_aMichoacán _xCondiciones sociales. |
| 901 | _aBK | ||
| 942 | _cLIBRO | ||
| 949 |
_a301.35 F6 1979 _bBC _cLIBRO _d33724000293833 _eLIBRO _h55036 _i46872 _si |
||
| 949 |
_a301.35 F6 1979 _bBC _cLIBRO _d33724000293841 _eLIBRO _fc.2 _h55037 _i46872 _si |
||
| 999 |
_c41771 _d41771 |
||